[Event "GER-chT U12"]
[Site "Magdeburg"]
[Date "2017.12.30"]
[Round "7.3"]
[White "Behr, Julian"]
[Black "Popovici, Liviu Daniel"]
[Result "1-0"]
[WhiteElo "1282"]
[BlackElo "1265"]
[PlyCount "103"]
[EventDate "2017.12.26"]
[EventType "team-swiss"]
[EventRounds "7"]
[EventCountry "GER"]
[SourceTitle "CBM 182 Extra"]
[Source "ChessBase"]
[SourceDate "2018.02.23"]
[SourceVersion "1"]
[SourceVersionDate "2018.02.23"]
[SourceQuality "1"]
[WhiteTeam "Landskrone"]
[BlackTeam "Muenchen Tarrasch"]
[WhiteTeamCountry "GER"]
[BlackTeamCountry "GER"]

1. e4 c5 2. d4 cxd4 3. c3 dxc3 4. Nxc3 Nc6 5. Bc4 d6 6. Nf3 e6 7. 0-0 Nf6 8. e5 dxe5 9. Qxd8+ Nxd8 10. Nxe5 Be7 11. Bb5+ Bd7 12. Bxd7+ Nxd7 13. Nxd7 Kxd7 14. Rd1+ Ke8 15. Nb5 Rc8 16. Nxa7 Rb8 17. Nb5 f6 18. Be3 Nc6 19. a3 Kf7 20. Rd7 Rhd8 21. Rad1 Rxd7 22. Rxd7 Rd8 23. Rxd8 Nxd8 24. f4 Nc6 25. Kf2 e5 26. g3 Ke6 27. Kf3 f5 28. fxe5 Nxe5+ 29. Ke2 Nc4 30. Bd4 g6 31. Kd3 Nd6 32. Nc7+ Kd7 33. Nd5 Bd8 34. Bf6 Bc7 35. Nxc7 Kxc7 36. Be5 Kc6 37. Bxd6 Kxd6 38. Kd4 h6 39. b3 g5 40. h3 h5 41. h4 gxh4 42. gxh4 Ke6 43. a4 Kd6 44. b4 b6 45. a5 bxa5 46. bxa5 Kc6 47. Ke5 Kb5 48. Kxf5 Kxa5 49. Kg5 Kb6 50. Kxh5 Kc6 51. Kg6 Kd7 52. Kf7 1-0

[Event "GER-chT U12"]
[Site "Magdeburg"]
[Date "2017.12.29"]
[Round "6.2"]
[White "Behr, Julian"]
[Black "Nguyen, Alex Tommi"]
[Result "1-0"]
[WhiteElo "1282"]
[BlackElo "981"]
[PlyCount "79"]
[EventDate "2017.12.26"]
[EventType "team-swiss"]
[EventRounds "7"]
[EventCountry "GER"]
[SourceTitle "CBM 182 Extra"]
[Source "ChessBase"]
[SourceDate "2018.02.23"]
[SourceVersion "1"]
[SourceVersionDate "2018.02.23"]
[SourceQuality "1"]
[WhiteTeam "Landskrone"]
[BlackTeam "Graefenhainichen"]
[WhiteTeamCountry "GER"]
[BlackTeamCountry "GER"]

1. e4 c5 2. d4 cxd4 3. c3 dxc3 4. Nxc3 a6 5. Nf3 Nc6 6. Bc4 Nf6 7. 0-0 e5 8. Qb3 d5 9. Nxd5 Be6 10. Nxf6+ Qxf6 11. Bxe6 Qxe6 12. Qxe6+ fxe6 13. Rd1 Be7 14. Bg5 Nd4 15. Nxd4 exd4 16. Bxe7 Kxe7 17. Rxd4 Kf6 18. f3 Rhe8 19. h3 Rad8 20. Rad1 Rxd4 21. Rxd4 Rc8 22. Rd7 b5 23. Ra7 Rc6 24. b4 h6 25. Kh2 g5 26. Kg3 Ke5 27. Kg4 Kd4 28. Kh5 e5 29. Kg4 Kc4 30. a3 Kb3 31. Kf5 Kxa3 32. Kxe5 Kxb4 33. Kd5 Rg6 34. e5 Ka5 35. e6 Kb6 36. Rf7 Rg8 37. e7 Re8 38. Kd6 Kb7 39. Rf8 Rxf8 40. exf8Q 1-0

[Event "GER-chT U12"]
[Site "Magdeburg"]
[Date "2017.12.29"]
[Round "5.3"]
[White "Behr, Julian"]
[Black "Tenbosch, Till Theo"]
[Result "1-0"]
[WhiteElo "1282"]
[BlackElo "1030"]
[PlyCount "93"]
[EventDate "2017.12.26"]
[EventType "team-swiss"]
[EventRounds "7"]
[EventCountry "GER"]
[SourceTitle "CBM 182 Extra"]
[Source "ChessBase"]
[SourceDate "2018.02.23"]
[SourceVersion "1"]
[SourceVersionDate "2018.02.23"]
[SourceQuality "1"]
[WhiteTeam "Landskrone"]
[BlackTeam "Muenster"]
[WhiteTeamCountry "GER"]
[BlackTeamCountry "GER"]

1. e4 d5 2. exd5 Qxd5 3. Nc3 Qa5 4. Nf3 Nf6 5. g3 Bf5 6. Bg2 e6 7. d3 c6 8. 0-0 Nbd7 9. Re1 Bb4 10. Bd2 Bxc3 11. Bxc3 Qc7 12. Qd2 0-0 13. Ne5 Rfe8 14. Nxd7 Nxd7 15. Qg5 f6 16. Qd2 Nb6 17. b3 e5 18. Be4 Qd7 19. Bxf5 Qxf5 20. Re2 Re6 21. Rae1 Rae8 22. Bb2 h5 23. Re4 g5 24. Qe2 g4 25. d4 Nd7 26. c4 b6 27. d5 cxd5 28. cxd5 R6e7 29. Qc4 Rh7 30. a4 Kf7 31. Ba3 Rg8 32. d6+ Kf8 33. Qc6 h4 34. Qc8+ Kf7 35. Qc4+ Kf8 36. Rf1 Qh5 37. Qc8+ Kg7 38. Qxd7+ Kh8 39. Qe6 hxg3 40. Qxf6+ Rgg7 41. h4 Rh6 42. Rxe5 Rxf6 43. Rxh5+ Kg8 44. fxg3 Rf3 45. Rxf3 gxf3 46. Rg5 Rxg5 47. hxg5 1-0

[Event "GER-chT U12"]
[Site "Magdeburg"]
[Date "2017.12.28"]
[Round "3.3"]
[White "Behr, Julian"]
[Black "Reichmann, Felix"]
[Result "1/2-1/2"]
[WhiteElo "1282"]
[BlackElo "1596"]
[PlyCount "59"]
[EventDate "2017.12.26"]
[EventType "team-swiss"]
[EventRounds "7"]
[EventCountry "GER"]
[SourceTitle "CBM 182 Extra"]
[Source "ChessBase"]
[SourceDate "2018.02.23"]
[SourceVersion "1"]
[SourceVersionDate "2018.02.23"]
[SourceQuality "1"]
[WhiteTeam "Landskrone"]
[BlackTeam "Berlin Nord Ost"]
[WhiteTeamCountry "GER"]
[BlackTeamCountry "GER"]

1. e4 c5 2. d4 cxd4 3. c3 g6 4. cxd4 d5 5. e5 Nc6 6. Bb5 Bg7 7. Nc3 a6 8. Ba4 b5 9. Bb3 e6 10. Nf3 Nh6 11. 0-0 0-0 12. Re1 Nf5 13. Be3 Qb6 14. Qd2 f6 15. Rac1 fxe5 16. dxe5 d4 17. Nxd4 Ncxd4 18. Bxd4 Qxd4 19. Rcd1 Qc5 20. Ne4 Qxe5 21. Ng5 Qf6 22. Nxe6 Kh8 23. Nxf8 Qxf8 24. Qd8 Bb7 25. Qxf8+ Rxf8 26. Rd7 Bc8 27. Rd2 Nh4 28. Be6 Bb7 29. Bd5 Bc8 30. Rde2 1/2-1/2